000 00497nam a22001577a 4500
999 _c16434
_d16434
008 170720b xxu||||| |||| 00| 0 eng d
020 _a9789966074775
050 _aDT433.582
_b.M65.T36 2014
100 _aTanui Kipkoech et. al
245 _aMoi at 90:
_bH.E Daniel Arap Moi celebrates his ninetieth birthday
260 _aKenya
_bStandard Group
_c2014
300 _a236p
650 _2Picturial works
_aMoi, Daniel Arap, 1924
650 _2Pictural work
_aEx-president - Kenya
942 _2lcc
_cBK